000 00707nam a2200181Ia 4500
008 090124s9999 xx 000 0 und d
082 _b783
_a428
100 _aराजवाडे वि.का.
245 _a मराठ्यांच्या इतिहासाची साधने खंड 15
250 _a1
260 _c1912
300 _a488
600 _aराजवाडे वि.का.
630 _a मराठ्यांच्या इतिहासाची साधने खंड 15
700 _aराजवाडे वि.का.
730 _a मराठ्यांच्या इतिहासाची साधने खंड 15
942 _cBOOK
999 _c114743
_d114743